000 00844nam a2200229Ia 4500
001 2396
003 GE_BSU
008 181216s||||||||xx |||||||||||||| ||und||
020 _a9789941143083
040 _cGE_BSU
080 _a681.3(ო75.8)
100 _aშონია, ოთარ;ნარეშელაშვილი, გულბაათ; ქართველიშვილი იოსებ.
245 _aუმავთულო ქსელების უსართხოება.
245 _bსაქ–ს ტექნიკ–ტი
260 _aთბილისი
260 _bტექნიკური უნ–ტი
260 _c2009
300 _a116 გვ.
541 _h6ლ .
653 _aუმავთულო ქსელების უსართხოება
942 _cBK
999 _c36479
_d36479